[Event "GER-chT Youth Countries 2019"]
[Site "Wuerzburg"]
[Date "2019.10.02"]
[Round "1"]
[White "Weihrauch, Jakob"]
[Black "Svane, Frederik"]
[Result "0-1"]
[WhiteElo "2167"]
[BlackElo "2360"]
[Annotator "ChessBase"]
[PlyCount "82"]
[EventDate "2019.10.02"]
[EventType "team-tourn"]
[EventRounds "7"]
[EventCountry "GER"]
[SourceTitle "playchess.com"]
[Source "ChessBase"]
[SourceQuality "1"]
[WhiteTeam "Hamburg/Schleswig-Holstein"]
[BlackTeam "Schleswig-Holstein"]
[WhiteTeamCountry "GER"]
[BlackTeamCountry "GER"]
[TimeControl "40/5400+30:1800+30"]

1. e4 {[%emt 0:00:00]} c5 {[%emt 0:00:00]} 2. Nf3 {[%emt 0:00:00]} d6 {[%emt 0:00:00]} 3. d4 {[%emt 0:00:00]} cxd4 {[%emt 0:00:00]} 4. Nxd4 {[%emt 0:00:00]} Nf6 {[%emt 0:00:00]} 5. Nc3 {[%emt 0:00:00]} a6 {[%emt 0:00:03]} 6. g3 {[%emt 0:00:20]} e6 {[%emt 0:00:07]} 7. Bg2 {[%emt 0:00:08]} Be7 {[%emt 0:00:07]} 8. O-O {[%emt 0:00:12]} O-O {[%emt 0:00:08]} 9. f4 {[%emt 0:00:19]} Nc6 {[%emt 0:00:07]} 10. Nxc6 {[%emt 0:01:04]} bxc6 {[%emt 0:00:06]} 11. Na4 {[%emt 0:01:40]} Rb8 {[%emt 0:29:14]} 12. c4 {[%emt 0:11:43]} c5 {[%emt 0:04:17]} 13. Be3 {[%emt 0:03:37]} Bb7 {[%emt 0:01:04]} 14. Nc3 {[%emt 0:01:12]} Bc6 {[%emt 0:07:21]} 15. Qe2 {[%emt 0:07:01]} Qb6 {[%emt 0:02:43]} 16. Rab1 {[%emt 0:01:14]} Qb7 {[%emt 0:00:07]} 17. Bf2 {[%emt 0:03:20]} Rfe8 {[%emt 0:02:19]} 18. g4 {[%emt 0:02:03]} Nd7 {[%emt 0:01:51]} 19. Rfd1 {[%emt 0:08:03]} Nf8 {[%emt 0:01:50]} 20. Bg3 {[%emt 0:09:26]} Ng6 {[%emt 0:04:08]} 21. g5 {[%emt 0:01:55]} Bd8 {[%emt 0:16:16]} 22. h4 {[%emt 0:04:03]} Ba5 {[%emt 0:00:39]} 23. Qc2 {[%emt 0:03:45]} Red8 {[%emt 0:09:54]} 24. h5 {[%emt 0:02:10]} Nf8 {[%emt 0:00:05]} 25. h6 {[%emt 0:03:46]} g6 {[%emt 0:00:04]} 26. Ne2 {[%emt 0:08:41]} Qe7 {[%emt 0:01:39]} 27. b4 {[%emt 0:02:05]} Rxb4 {[%emt 0:02:46]} 28. Rxb4 {[%emt 0:01:01]} cxb4 {[%emt 0:00:04]} 29. Qb2 {[%emt 0:00:45]} e5 {[%emt 0:00:08]} 30. fxe5 {[%emt 0:00:31]} dxe5 {[%emt 0:00:03]} 31. Rxd8 {[%emt 0:01:06]} Bxd8 {[%emt 0:00:04]} 32. Bxe5 {[%emt 0:00:29]} Qxg5 {[%emt 0:03:35]} 33. Bf4 {[%emt 0:00:14]} Qc5+ {[%emt 0:00:04]} 34. Kf1 {[%emt 0:01:26]} Ne6 {[%emt 0:00:29]} 35. Bh3 {[%emt 0:00:50]} Bb6 {[%emt 0:04:33]} 36. Ke1 {[%emt 0:02:45]} Qf2+ {[%emt 0:05:51]} 37. Kd2 {[%emt 0:01:39]} Nd4 {[%emt 0:00:08]} 38. Bg4 {[%emt 0:00:12]} Bxe4 {[%emt 0:00:34]} 39. Be3 {[%emt 0:00:45]} Nf3+ {[%emt 0:00:05]} 40. Bxf3 {[%emt 0:00:26]} Bxe3+ {[%emt 0:00:05]} 41. Kd1 {[%emt 0:30:08]} Qf1# {normal} 0-1

[Event "GER-chT Youth Countries 2019"]
[Site "Wuerzburg"]
[Date "2019.10.02"]
[Round "1"]
[White "Fromm, Marius"]
[Black "Roseneck, Jonas"]
[Result "1/2-1/2"]
[WhiteElo "2124"]
[BlackElo "2402"]
[Annotator "TA"]
[PlyCount "80"]
[EventDate "2019.10.02"]
[EventType "swiss"]
[EventRounds "7"]
[EventCountry "GER"]
[SourceTitle "playchess.com"]
[Source "ChessBase"]
[SourceQuality "1"]
[WhiteTeam "Germany"]
[BlackTeam "Germany"]
[WhiteTeamCountry "GER"]
[BlackTeamCountry "GER"]

{[%evp 14,80,22,0,0,4,5,15,7,0,0,1,5,1,2,0,0,0,0,0,51,65,73,59,71,63,76,14,17,17,17,13,14,14,31,7,22,7,10,9,4,4,9,9,9,0,5,0,0,0,6,0,0,0,0,0,0,0,0,0,0,0,0,0,0,0,0,0,0]} 1. Nf3 Nf6 2. c4 c5 3. Nc3 d5 4. cxd5 Nxd5 5. g3 Nc6 6. Bg2 Nc7 7. O-O e5 8. a3 Rb8 {A34: Symmetrical English: 2 Nc3, lines with ...d5} 9. d3 (9. Rb1 Be7 10. b4 cxb4 11. axb4 b5 12. Qc2 Rb6 13. d3 Nxb4 14. Qb2 f6 15. Be3 Ra6 16. Nd2 {½-½ (42) Meier,G (2628)-Svidler,P (2753) Jerusalem 2018}) 9... Be7 10. Be3 O-O 11. Rb1 Be6 12. b4 cxb4 13. axb4 Bxb4 {[#]} 14. Rxb4 $1 {[%mdl 512]} Nxb4 15. Bxa7 Rc8 $146 {aiming for ...Nca6.} ({Predecessor:} 15... f6 16. Nd2 {0-1 (63) Foerster,S (2166)-Sadkowsky,D (2230) Antwerp 2013}) 16. Bc5 {[#]} Nca6 (16... Nb5 $1 $11 {[%mdl 512]} 17. Bxb4 (17. Nxb5 Rxc5) 17... Nxc3) 17. Bxf8 $14 Qxf8 {[#]} 18. Qd2 $1 f6 19. d4 Rd8 20. Qe3 (20. e3 $16) 20... Nc2 $11 {[%mdl 64] Double Attack} 21. Qe4 Nxd4 22. Nxd4 Rxd4 23. Qxb7 Nb4 24. Ra1 {Black must now prevent Ra8.} Rd8 {The position is equal.} 25. Qb6 Qd6 26. Qxd6 Rxd6 27. Ne4 Rd8 28. Rb1 Nc2 29. Nc5 Bf7 30. e3 Na3 31. Rc1 Nc4 32. Nb7 Rc8 33. Na5 Nb6 34. Rxc8+ (34. Rb1 {looks sharper.} Nd5 35. Nb7 Nc3 36. Ra1 Bg6 37. Nd6) 34... Nxc8 {[%mdl 4096] Endgame KBN-KBN} 35. Kf1 Kf8 36. Ke2 Ke7 37. Nb7 Nb6 38. Kd3 g6 39. h4 Bg8 40. Nc5 Bd5 {Accuracy: White = 57%, Black = 79%.} 1/2-1/2

[Event "GER-chT Youth Countries 2019"]
[Site "Wuerzburg"]
[Date "2019.10.02"]
[Round "1"]
[White "Lohvinov, Petro"]
[Black "Danninger, Jannik"]
[Result "0-1"]
[WhiteElo "2117"]
[BlackElo "1990"]
[Annotator "NA"]
[PlyCount "72"]
[EventDate "2019.10.02"]
[EventType "team-tourn"]
[EventRounds "7"]
[EventCountry "GER"]
[SourceTitle "playchess.com"]
[Source "ChessBase"]
[SourceQuality "1"]
[WhiteTeam "Germany"]
[BlackTeam "Germany"]
[WhiteTeamCountry "GER"]
[BlackTeamCountry "GER"]
[TimeControl "40/5400+30:1800+30"]

1. e4 {[%emt 0:00:00]} c5 {[%emt 0:00:00]} 2. Nf3 {[%emt 0:00:00]} d6 {[%emt 0:00:00]} 3. d4 {[%emt 0:00:04]} cxd4 {[%emt 0:00:10]} 4. Nxd4 {[%emt 0:00:02]} Nf6 {[%emt 0:00:19]} 5. Nc3 {[%emt 0:00:18]} g6 {[%emt 0:00:16]} 6. Be3 {[%emt 0:00:39]} Bg7 {[%emt 0:00:10]} 7. f3 {[%emt 0:00:07]} O-O {[%emt 0:00:29]} 8. Qd2 {[%emt 0:00:10]} Nc6 {[%emt 0:00:14]} 9. O-O-O {[%emt 0:00:07]} d5 {[%emt 0:00:17]} 10. Kb1 {[%emt 0:00:01]} e6 {[%emt 0:04:01]} 11. Bg5 {[%emt 0:34:26]} Qb6 {[%emt 0:08:50]} 12. Be3 {[%emt 0:09:50]} Qd8 {[%emt 0:06:17]} 13. Nxc6 {[%emt 0:10:46]} bxc6 {[%emt 0:00:18]} 14. Bh6 {[%emt 0:01:01]} Rb8 {[%emt 0:03:15]} 15. Bxg7 {[%emt 0:01:54]} Kxg7 {[%emt 0:00:35]} 16. e5 {[%emt 0:09:40]} Nd7 {[%emt 0:01:31]} 17. f4 {[%emt 0:02:29]} Qb6 {[%emt 0:02:30]} 18. b3 {[%emt 0:04:25]} Ba6 {[%emt 0:01:51]} 19. Bxa6 {[%emt 0:01:43]} Qxa6 {[%emt 0:00:09]} 20. h4 {[%emt 0:00:50]} c5 {[%emt 0:02:04]} 21. h5 {[%emt 0:01:40]} f5 {[%emt 0:01:09]} 22. hxg6 {[%emt 0:06:31]} hxg6 {[%emt 0:00:19]} 23. g4 {[%emt 0:01:08]} c4 {[%emt 0:00:46]} 24. gxf5 {[%emt 0:00:34]} Rxf5 {[%emt 0:01:13]} 25. Rdg1 {[%emt 0:04:50]} cxb3 {[%emt 0:02:11]} 26. axb3 {[%emt 0:02:26]} Qc4 {[%emt 0:05:07]} 27. Ne2 {[%emt 0:03:05]} Nf8 {[%emt 0:05:09]} 28. Nd4 {[%emt 0:00:35]} Rf7 {[%emt 0:00:34]} 29. f5 {[%emt 0:01:35]} Rxf5 {[%emt 0:01:43]} 30. Nxf5+ {[%emt 0:00:34]} exf5 {[%emt 0:00:38]} 31. Rh3 {[%emt 0:01:31]} Qc5 {[%emt 0:04:30]} 32. Qg5 {[%emt 0:01:18]} Rb6 {[%emt 0:01:51]} 33. Rf1 {[%emt 0:01:23]} Kf7 {[%emt 0:01:06]} 34. Qe3 {[%emt 0:00:46]} Qxe3 {[%emt 0:03:04]} 35. Rxe3 {[%emt 0:00:00]} Ke6 {[%emt 0:00:10]} 36. Rg1 {[%emt 0:00:57]} Rb4 {[%emt 0:04:22] normal} 0-1

[Event "GER-chT Youth Countries 2019"]
[Site "Wuerzburg"]
[Date "2019.10.02"]
[Round "1"]
[White "Wendler, David"]
[Black "Gallasch, Jonas"]
[Result "0-1"]
[WhiteElo "2107"]
[BlackElo "2099"]
[Annotator "NA"]
[PlyCount "84"]
[EventDate "2019.10.02"]
[EventType "swiss"]
[EventRounds "7"]
[EventCountry "GER"]
[SourceTitle "playchess.com"]
[Source "ChessBase"]
[SourceQuality "1"]
[WhiteTeam "Team Süd"]
[BlackTeam "Nordrhein-Westfalen"]
[WhiteTeamCountry "GER"]
[BlackTeamCountry "GER"]
[TimeControl "40/5400+30:1800+30"]

1. e4 {[%emt 0:00:23]} c5 {[%emt 0:00:00]} 2. c3 {[%emt 0:00:45]} d5 {[%emt 0:00:00]} 3. exd5 {[%emt 0:00:09]} Qxd5 {[%emt 0:00:02]} 4. d4 {[%emt 0:00:07]} Nc6 {[%emt 0:00:07]} 5. Nf3 {[%emt 0:00:34]} Bf5 {[%emt 0:00:30]} 6. Be3 {[%emt 0:03:38]} cxd4 {[%emt 0:01:00]} 7. cxd4 {[%emt 0:08:24]} Bxb1 {[%emt 0:00:43]} 8. Qxb1 {[%emt 0:18:45]} e6 {[%emt 0:01:26]} 9. a3 {[%emt 0:01:48]} Nf6 {[%emt 0:05:52]} 10. Be2 {[%emt 0:08:23]} Be7 {[%emt 0:02:51]} 11. O-O {[%emt 0:00:23]} O-O {[%emt 0:00:54]} 12. b4 {[%emt 0:06:04]} Rac8 {[%emt 0:09:42]} 13. Qd3 {[%emt 0:07:22]} Rfd8 {[%emt 0:04:57]} 14. Rac1 {[%emt 0:14:22]} Qd6 {[%emt 0:05:49]} 15. Rc4 {[%emt 0:07:50]} Nd5 {[%emt 0:15:19]} 16. Rfc1 {[%emt 0:01:02]} a5 {[%emt 0:01:41]} 17. b5 {[%emt 0:03:02]} Na7 {[%emt 0:02:31]} 18. Ne5 {[%emt 0:03:12]} Qxa3 {[%emt 0:13:50]} 19. Bd2 {[%emt 0:05:47]} b6 {[%emt 0:14:19]} 20. Qb1 {[%emt 0:02:05]} Bf6 {[%emt 0:05:11]} 21. Nc6 {[%emt 0:03:38]} Nxc6 {[%emt 0:01:58]} 22. bxc6 {[%emt 0:00:04]} Qe7 {[%emt 0:06:09]} 23. Bf3 {[%emt 0:00:13]} Qc7 {[%emt 0:00:16]} 24. g3 {[%emt 0:00:23]} Be7 {[%emt 0:00:37]} 25. Qb5 {[%emt 0:02:26]} Bb4 {[%emt 0:03:03]} 26. Bxb4 {[%emt 0:01:27]} Nxb4 {[%emt 0:00:09]} 27. Re1 {[%emt 0:00:36]} Rd6 {[%emt 0:02:18]} 28. Re5 {[%emt 0:00:06]} Rcd8 {[%emt 0:00:50]} 29. Re4 {[%emt 0:00:57]} Rd5 {[%emt 0:00:14]} 30. Rxb4 {[%emt 0:00:17]} Rxb5 {[%emt 0:00:20]} 31. Rxb5 {[%emt 0:00:08]} Qxc6 {[%emt 0:00:11]} 32. Rb3 {[%emt 0:01:04]} a4 {[%emt 0:00:30]} 33. Rd3 {[%emt 0:00:31]} Qc4 {[%emt 0:01:06]} 34. Rd1 {[%emt 0:00:25]} f5 {[%emt 0:01:33]} 35. Ree1 {[%emt 0:00:31]} Rxd4 {[%emt 0:00:42]} 36. Rc1 {[%emt 0:00:06]} Qb3 {[%emt 0:00:18]} 37. Bd1 {[%emt 0:00:47]} Qd5 {[%emt 0:00:25]} 38. Be2 {[%emt 0:00:34]} a3 {[%emt 0:00:38]} 39. Rc7 {[%emt 0:00:20]} a2 {[%emt 0:00:46]} 40. Ra7 {[%emt 0:00:04]} h6 {[%emt 0:00:34]} 41. Bh5 {[%emt 0:01:49]} Kh7 {[%emt 0:00:59]} 42. Rc1 {[%emt 0:01:26]} Rb4 {[%emt 0:00:15] normal} 0-1

[Event "GER-chT Youth Countries 2019"]
[Site "Wuerzburg"]
[Date "2019.10.02"]
[Round "1"]
[White "Schmekel, Florian"]
[Black "Pallas, Sebastian"]
[Result "1/2-1/2"]
[WhiteElo "2102"]
[BlackElo "2291"]
[Annotator "NA"]
[PlyCount "80"]
[EventDate "2019.10.02"]
[EventType "swiss"]
[EventRounds "7"]
[EventCountry "GER"]
[SourceTitle "playchess.com"]
[Source "ChessBase"]
[SourceQuality "1"]
[WhiteTeam "Mecklenburg-Vorpommern"]
[BlackTeam "Sachsen-Anhalt"]
[WhiteTeamCountry "GER"]
[BlackTeamCountry "GER"]
[TimeControl "40/5400+30:1800+30"]

1. d4 {[%emt 0:00:00]} Nf6 {[%emt 0:00:00]} 2. c4 {[%emt 0:00:00]} g6 {[%emt 0:00:44]} 3. Nc3 {[%emt 0:00:00]} d5 {[%emt 0:00:21]} 4. cxd5 {[%emt 0:00:00]} Nxd5 {[%emt 0:00:09]} 5. e4 {[%emt 0:00:01]} Nxc3 {[%emt 0:00:49]} 6. bxc3 {[%emt 0:00:08]} Bg7 {[%emt 0:00:53]} 7. Bc4 {[%emt 0:00:12]} O-O {[%emt 0:01:47]} 8. Ne2 {[%emt 0:00:23]} c5 {[%emt 0:01:44]} 9. O-O {[%emt 0:00:58]} Qc7 {[%emt 0:07:29]} 10. Bd3 {[%emt 0:06:53]} Rd8 {[%emt 0:08:02]} 11. Be3 {[%emt 0:03:19]} Nc6 {[%emt 0:02:26]} 12. Rc1 {[%emt 0:01:53]} Na5 {[%emt 0:14:16]} 13. Qd2 {[%emt 0:07:07]} b6 {[%emt 0:02:05]} 14. Rfd1 {[%emt 0:05:18]} e5 {[%emt 0:00:43]} 15. d5 {[%emt 0:18:48]} Nb7 {[%emt 0:02:25]} 16. c4 {[%emt 0:03:23]} Nd6 {[%emt 0:00:14]} 17. a4 {[%emt 0:11:44]} f5 {[%emt 0:03:52]} 18. f3 {[%emt 0:04:43]} f4 {[%emt 0:15:59]} 19. Bf2 {[%emt 0:00:28]} g5 {[%emt 0:00:55]} 20. g4 {[%emt 0:05:38]} h5 {[%emt 0:03:21]} 21. h3 {[%emt 0:04:04]} Kf7 {[%emt 0:05:06]} 22. Nc3 {[%emt 0:03:25]} Bd7 {[%emt 0:07:47]} 23. Kg2 {[%emt 0:08:43]} Rh8 {[%emt 0:00:17]} 24. Be2 {[%emt 0:02:11]} Rh6 {[%emt 0:02:08]} 25. Rh1 {[%emt 0:01:14]} Rah8 {[%emt 0:01:18]} 26. Qa2 {[%emt 0:04:11]} a5 {[%emt 0:11:44]} 27. Nb1 {[%emt 0:02:23]} Ne8 {[%emt 0:01:47]} 28. Nd2 {[%emt 0:01:49]} Nf6 {[%emt 0:00:31]} 29. Qb2 {[%emt 0:00:55]} Bxa4 {[%emt 0:00:42]} 30. Rb1 {[%emt 0:00:50]} Ne8 {[%emt 0:00:52]} 31. Nf1 {[%emt 0:01:32]} Bd7 {[%emt 0:01:25]} 32. Nh2 {[%emt 0:00:10]} Qc8 {[%emt 0:00:40]} 33. Be1 {[%emt 0:00:47]} Qc7 {[%emt 0:02:06]} 34. Bc3 {[%emt 0:00:26]} Qd6 {[%emt 0:00:08]} 35. Nf1 {[%emt 0:01:09]} Nc7 {[%emt 0:00:18]} 36. Nd2 {[%emt 0:00:23]} Ra8 {[%emt 0:00:13]} 37. Nb3 {[%emt 0:00:48]} Ra7 {[%emt 0:01:05]} 38. Nc1 {[%emt 0:00:27]} Ra8 {[%emt 0:00:51]} 39. Nd3 {[%emt 0:00:28]} Re8 {[%emt 0:00:02]} 40. Qa1 {[%emt 0:02:07]} Na6 {[%emt 0:00:31] normal} 1/2-1/2

[Event "GER-chT Youth Countries 2019"]
[Site "Wuerzburg"]
[Date "2019.10.02"]
[Round "1"]
[White "Grund, Sebastian"]
[Black "Eilenberg, Jonas"]
[Result "1/2-1/2"]
[WhiteElo "2054"]
[BlackElo "2050"]
[Annotator "NA"]
[PlyCount "88"]
[EventDate "2019.10.02"]
[EventType "swiss"]
[EventRounds "7"]
[EventCountry "GER"]
[SourceTitle "playchess.com"]
[Source "ChessBase"]
[SourceQuality "1"]
[WhiteTeam "Thüringen"]
[BlackTeam "Berlin"]
[WhiteTeamCountry "GER"]
[BlackTeamCountry "GER"]
[TimeControl "40/5400+30:1800+30"]

1. d4 {[%emt 0:00:00]} d5 {[%emt 0:00:00]} 2. Nf3 {[%emt 0:00:00]} e6 {[%emt 0:00:14]} 3. c4 {[%emt 0:00:03]} c6 {[%emt 0:00:07]} 4. g3 {[%emt 0:00:06]} Nf6 {[%emt 0:00:15]} 5. Bg2 {[%emt 0:00:10]} dxc4 {[%emt 0:00:29]} 6. a4 {[%emt 0:00:43]} c5 {[%emt 0:02:33]} 7. O-O {[%emt 0:02:21]} Nc6 {[%emt 0:01:28]} 8. dxc5 {[%emt 0:14:27]} Qxd1 {[%emt 0:00:33]} 9. Rxd1 {[%emt 0:00:05]} Bxc5 {[%emt 0:00:06]} 10. Nbd2 {[%emt 0:00:44]} c3 {[%emt 0:13:16]} 11. bxc3 {[%emt 0:00:09]} Bd7 {[%emt 0:01:35]} 12. Ng5 {[%emt 0:10:25]} Rd8 {[%emt 0:13:41]} 13. Nde4 {[%emt 0:03:06]} Be7 {[%emt 0:01:47]} 14. Nd6+ {[%emt 0:22:45]} Bxd6 {[%emt 0:00:17]} 15. Rxd6 {[%emt 0:00:06]} h6 {[%emt 0:03:58]} 16. Ne4 {[%emt 0:01:17]} Nxe4 {[%emt 0:04:29]} 17. Bxe4 {[%emt 0:00:07]} Bc8 {[%emt 0:01:00]} 18. Ba3 {[%emt 0:01:37]} Rxd6 {[%emt 0:00:14]} 19. Bxd6 {[%emt 0:00:08]} f5 {[%emt 0:00:46]} 20. Bf3 {[%emt 0:01:04]} Kf7 {[%emt 0:04:17]} 21. Bc5 {[%emt 0:05:56]} Bd7 {[%emt 0:06:33]} 22. Rd1 {[%emt 0:07:06]} Be8 {[%emt 0:04:30]} 23. Rd6 {[%emt 0:11:03]} b6 {[%emt 0:06:29]} 24. Bxc6 {[%emt 0:01:19]} bxc5 {[%emt 0:00:47]} 25. Bxe8+ {[%emt 0:00:24]} Rxe8 {[%emt 0:00:05]} 26. Rc6 {[%emt 0:00:06]} Re7 {[%emt 0:01:23]} 27. Rxc5 {[%emt 0:00:25]} Rd7 {[%emt 0:00:05]} 28. f4 {[%emt 0:01:50]} Ke7 {[%emt 0:01:33]} 29. Kf2 {[%emt 0:00:54]} Kd6 {[%emt 0:00:58]} 30. Rc4 {[%emt 0:00:07]} Rb7 {[%emt 0:00:23]} 31. Ke3 {[%emt 0:01:15]} g5 {[%emt 0:02:14]} 32. Rb4 {[%emt 0:02:44]} Rg7 {[%emt 0:03:32]} 33. fxg5 {[%emt 0:04:56]} hxg5 {[%emt 0:00:12]} 34. h4 {[%emt 0:01:03]} f4+ {[%emt 0:02:17]} 35. gxf4 {[%emt 0:01:58]} gxh4 {[%emt 0:00:06]} 36. Rd4+ {[%emt 0:00:10]} Kc5 {[%emt 0:05:08]} 37. f5 {[%emt 0:00:45]} h3 {[%emt 0:04:34]} 38. Rh4 {[%emt 0:03:46]} exf5 {[%emt 0:02:57]} 39. Rxh3 {[%emt 0:00:09]} Kc4 {[%emt 0:01:15]} 40. Kf4 {[%emt 0:04:03]} Re7 {[%emt 0:01:24]} 41. e3 {[%emt 0:08:29]} Kxc3 {[%emt 0:02:12]} 42. e4+ {[%emt 0:00:14]} Kb4 {[%emt 0:00:04]} 43. exf5 {[%emt 0:00:09]} Kxa4 {[%emt 0:00:41]} 44. f6 {[%emt 0:00:08]} Re8 {[%emt 0:01:51] normal} 1/2-1/2

[Event "GER-chT Youth Countries 2019"]
[Site "Wuerzburg"]
[Date "2019.10.02"]
[Round "1"]
[White "Gutkin, Ilya"]
[Black "Schallner, Marc"]
[Result "1/2-1/2"]
[WhiteElo "2047"]
[BlackElo "2027"]
[Annotator "NA"]
[PlyCount "44"]
[EventDate "2019.10.02"]
[EventType "team-tourn"]
[EventRounds "7"]
[EventCountry "GER"]
[SourceTitle "playchess.com"]
[Source "ChessBase"]
[SourceQuality "1"]
[WhiteTeam "Germany"]
[BlackTeam "Germany"]
[WhiteTeamCountry "GER"]
[BlackTeamCountry "GER"]
[TimeControl "40/5400+30:1800+30"]

1. Nf3 {[%emt 0:00:00]} d5 {[%emt 0:00:00]} 2. c4 {[%emt 0:00:02]} c6 {[%emt 0:00:00]} 3. g3 {[%emt 0:00:15]} Nf6 {[%emt 0:00:35]} 4. Bg2 {[%emt 0:00:09]} Bg4 {[%emt 0:01:21]} 5. Ne5 {[%emt 0:01:31]} e6 {[%emt 0:12:23]} 6. cxd5 {[%emt 0:06:19]} exd5 {[%emt 0:01:05]} 7. Nxg4 {[%emt 0:00:17]} Nxg4 {[%emt 0:00:49]} 8. O-O {[%emt 0:01:43]} Nf6 {[%emt 0:03:43]} 9. d3 {[%emt 0:01:03]} Be7 {[%emt 0:01:09]} 10. Qc2 {[%emt 0:14:45]} Nbd7 {[%emt 0:04:19]} 11. e4 {[%emt 0:01:16]} O-O {[%emt 0:02:55]} 12. Nc3 {[%emt 0:01:52]} dxe4 {[%emt 0:06:32]} 13. dxe4 {[%emt 0:00:07]} Re8 {[%emt 0:03:52]} 14. Rd1 {[%emt 0:10:56]} Bc5 {[%emt 0:08:16]} 15. h3 {[%emt 0:14:48]} Qe7 {[%emt 0:05:09]} 16. a3 {[%emt 0:06:40]} a5 {[%emt 0:04:49]} 17. Bf4 {[%emt 0:06:33]} Nh5 {[%emt 0:08:07]} 18. Qd2 {[%emt 0:05:05]} Nxf4 {[%emt 0:03:03]} 19. Qxd7 {[%emt 0:05:40]} Ne6 {[%emt 0:05:28]} 20. Qxe7 {[%emt 0:01:21]} Rxe7 {[%emt 0:01:00]} 21. Rd2 {[%emt 0:03:02]} Ree8 {[%emt 0:10:16]} 22. Rad1 {[%emt 0:07:16]} Red8 {[%emt 0:01:13] normal} 1/2-1/2

[Event "GER-chT Youth Countries 2019"]
[Site "Wuerzburg"]
[Date "2019.10.02"]
[Round "1"]
[White "Haack, Kevin"]
[Black "Kobald, Jacqueline"]
[Result "1-0"]
[WhiteElo "2044"]
[BlackElo "1884"]
[Annotator "NA"]
[PlyCount "82"]
[EventDate "2019.10.02"]
[EventType "swiss"]
[EventRounds "7"]
[EventCountry "GER"]
[SourceTitle "playchess.com"]
[Source "ChessBase"]
[SourceQuality "1"]
[WhiteTeam "Hessen"]
[BlackTeam "Württemberg"]
[WhiteTeamCountry "GER"]
[BlackTeamCountry "GER"]
[TimeControl "40/5400+30:1800+30"]

1. c4 {[%emt 0:00:00]} Nf6 {[%emt 0:00:00]} 2. g3 {[%emt 0:00:00]} g6 {[%emt 0:00:00]} 3. Bg2 {[%emt 0:00:00]} Bg7 {[%emt 0:00:11]} 4. Nf3 {[%emt 0:00:04]} O-O {[%emt 0:00:22]} 5. O-O {[%emt 0:00:07]} d6 {[%emt 0:05:22]} 6. b3 {[%emt 0:00:21]} e5 {[%emt 0:01:22]} 7. Bb2 {[%emt 0:00:30]} c6 {[%emt 0:05:20]} 8. d3 {[%emt 0:02:55]} Re8 {[%emt 0:03:12]} 9. Nbd2 {[%emt 0:08:09]} Nbd7 {[%emt 0:02:44]} 10. Ne4 {[%emt 0:09:31]} Nxe4 {[%emt 0:27:38]} 11. dxe4 {[%emt 0:00:11]} Nc5 {[%emt 0:00:49]} 12. Qc2 {[%emt 0:03:43]} f5 {[%emt 0:02:18]} 13. Nd2 {[%emt 0:02:02]} Be6 {[%emt 0:06:33]} 14. exf5 {[%emt 0:01:48]} gxf5 {[%emt 0:00:35]} 15. e4 {[%emt 0:00:32]} Qg5 {[%emt 0:01:53]} 16. b4 {[%emt 0:04:11]} Na6 {[%emt 0:03:19]} 17. a3 {[%emt 0:00:38]} Rad8 {[%emt 0:01:40]} 18. Rad1 {[%emt 0:02:36]} Qg6 {[%emt 0:13:28]} 19. Rfe1 {[%emt 0:04:32]} Rf8 {[%emt 0:02:11]} 20. exf5 {[%emt 0:06:04]} Bxf5 {[%emt 0:00:30]} 21. Be4 {[%emt 0:00:09]} d5 {[%emt 0:05:54]} 22. cxd5 {[%emt 0:15:28]} cxd5 {[%emt 0:03:17]} 23. Qb3 {[%emt 0:01:33]} Kh8 {[%emt 0:01:47]} 24. Bxf5 {[%emt 0:04:09]} Qxf5 {[%emt 0:00:11]} 25. Qe3 {[%emt 0:01:46]} Rde8 {[%emt 0:06:07]} 26. Qxa7 {[%emt 0:04:52]} d4 {[%emt 0:02:01]} 27. Ne4 {[%emt 0:00:52]} Rb8 {[%emt 0:00:41]} 28. Qb6 {[%emt 0:00:58]} Qf3 {[%emt 0:01:19]} 29. Rd2 {[%emt 0:04:09]} Rfc8 {[%emt 0:01:22]} 30. Qb5 {[%emt 0:02:10]} h6 {[%emt 0:01:37]} 31. Rd3 {[%emt 0:03:11]} Qf8 {[%emt 0:00:54]} 32. Rc1 {[%emt 0:02:31]} Rxc1+ {[%emt 0:00:19]} 33. Bxc1 {[%emt 0:00:06]} Nc7 {[%emt 0:00:50]} 34. Qc5 {[%emt 0:02:22]} Qd8 {[%emt 0:00:36]} 35. Qd6 {[%emt 0:03:13]} Qxd6 {[%emt 0:00:12]} 36. Nxd6 {[%emt 0:00:07]} Nd5 {[%emt 0:00:36]} 37. f4 {[%emt 0:03:13]} exf4 {[%emt 0:00:40]} 38. Bxf4 {[%emt 0:00:13]} Nxf4 {[%emt 0:00:11]} 39. gxf4 {[%emt 0:00:05]} b6 {[%emt 0:00:48]} 40. Nf5 {[%emt 0:01:52]} Rd8 {[%emt 0:00:32]} 41. Kg2 {[%emt 0:31:12]} Kh7 {[%emt 0:07:23] normal} 1-0